| 000 | 00407pab a2200145 454500 | ||
|---|---|---|---|
| 008 | 180718b1983 xxu||||| |||| 00| 0 eng d | ||
| 100 | _aGuhan, S. | ||
| 245 |
_aAdministrative aspects of centre - state relations _bA theme paper |
||
| 260 | _c1983 | ||
| 300 | _a520-8 | ||
| 362 | _aOct. | ||
| 650 | _aFederal - State Relations - India | ||
| 773 | _aMadras Development Seminar Series Bulletin | ||
| 909 | _a8387 | ||
| 999 |
_c8387 _d8387 |
||